[Event "Ruhrgebiet Regionalliga 1718"]
[Site "Germany"]
[Date "2018.02.11"]
[Round "6.8"]
[White "Bryjak, Hans Guenther"]
[Black "Konietzka, Bernd"]
[Result "1/2-1/2"]
[WhiteElo "1943"]
[BlackElo "1889"]
[PlyCount "46"]
[EventDate "2017.10.01"]
[EventType "team-tourn"]
[EventRounds "9"]
[EventCountry "GER"]
[SourceTitle "EXT 2022"]
[Source "ChessBase"]
[SourceDate "2021.10.06"]
[SourceVersion "1"]
[SourceVersionDate "2021.10.06"]
[SourceQuality "1"]
[WhiteTeam "Dortmund SV"]
[BlackTeam "Horst Emscher"]
[WhiteTeamCountry "GER"]
[BlackTeamCountry "GER"]

1. Nf3 c5 2. c4 e6 3. e3 Nf6 4. Nc3 Nc6 5. d4 cxd4 6. Nxd4 a6 7. Nxc6 bxc6 8. Be2 d5 9. 0-0 Bd6 10. Bf3 Bb7 11. g3 0-0 12. e4 Be5 13. exd5 cxd5 14. cxd5 Bxc3 15. bxc3 Bxd5 16. Bg5 h6 17. Bxd5 exd5 18. Bxf6 Qxf6 19. Qxd5 Qxc3 20. Rac1 Qb2 21. Rc7 Rad8 22. Qc4 Rd6 23. a4 Qb6 1/2-1/2

[Event "Ruhrgebiet Verbandsklasse Gruppe 2 1415"]
[Site "Germany"]
[Date "2015.03.01"]
[Round "7.4"]
[White "Konietzka, Bernd"]
[Black "Witt, Rainer"]
[Result "0-1"]
[WhiteElo "1903"]
[BlackElo "1765"]
[PlyCount "100"]
[EventDate "2014.09.21"]
[EventType "team-tourn"]
[EventRounds "9"]
[EventCountry "GER"]
[SourceTitle "EXT 2022"]
[Source "ChessBase"]
[SourceDate "2021.10.06"]
[SourceVersion "1"]
[SourceVersionDate "2021.10.06"]
[SourceQuality "1"]
[WhiteTeam "Horst Emscher II"]
[BlackTeam "Bochum SC an der Uni"]
[WhiteTeamCountry "GER"]
[BlackTeamCountry "GER"]

1. e4 c5 2. Nf3 d6 3. d4 cxd4 4. Nxd4 Nf6 5. Nc3 a6 6. Be2 b5 7. a3 Bb7 8. Bd3 Nbd7 9. 0-0 g6 10. Be3 Bg7 11. f3 0-0 12. Qd2 Nc5 13. Rac1 Rc8 14. Kh1 Re8 15. Bh6 Bh8 16. Nde2 Qc7 17. Ng3 Ne6 18. Be3 d5 19. exd5 Nxd5 20. Nxd5 Bxd5 21. c3 Red8 22. Qe2 f5 23. Bf2 Bf6 24. Rfd1 Nf4 25. Qf1 Bb3 26. Bc2 Bc4 27. Qe1 Qb7 28. Qe3 e5 29. Qb6 Qf7 30. Rxd8+ Rxd8 31. Rd1 Rxd1+ 32. Bxd1 Nd3 33. Bg1 Nxb2 34. Qxa6 Nxd1 35. Qd6 Nxc3 36. Bc5 h5 37. Kg1 h4 38. Nh1 Ne2+ 39. Kf2 Nf4 40. Be3 Nd3+ 41. Kg1 Be7 42. Qb6 Bxa3 43. Nf2 Nxf2 44. Bxf2 Bb2 45. Qd8+ Kg7 46. h3 Bc3 47. Qxh4 Qf6 48. Qg3 f4 49. Qh2 Qf5 50. g4 Qb1+ 0-1

[Event "Ruhrgebiet Verbandsklasse Gruppe 2 1415"]
[Site "Germany"]
[Date "2014.12.14"]
[Round "4.4"]
[White "Konietzka, Bernd"]
[Black "Kremer, Moritz"]
[Result "1-0"]
[WhiteElo "1903"]
[BlackElo "1694"]
[PlyCount "75"]
[EventDate "2014.09.21"]
[EventType "team-tourn"]
[EventRounds "9"]
[EventCountry "GER"]
[SourceTitle "EXT 2022"]
[Source "ChessBase"]
[SourceDate "2021.10.06"]
[SourceVersion "1"]
[SourceVersionDate "2021.10.06"]
[SourceQuality "1"]
[WhiteTeam "Horst Emscher II"]
[BlackTeam "Muelheim Nord V"]
[WhiteTeamCountry "GER"]
[BlackTeamCountry "GER"]

1. e4 e6 2. Nc3 d5 3. Nf3 dxe4 4. Nxe4 Bd7 5. d4 Bc6 6. Bd3 Nd7 7. 0-0 Be7 8. Re1 Ngf6 9. Nxf6+ Bxf6 10. c3 0-0 11. Bf4 Bxf3 12. Qxf3 c6 13. Re2 Re8 14. Rae1 Nf8 15. Be5 Nd7 16. Bg3 Nf8 17. Qg4 c5 18. Bb5 Re7 19. dxc5 a6 20. Ba4 b5 21. Bc2 Rd7 22. c6 Rd2 23. Qe4 Rxe2 24. Qxe2 Rc8 25. Be4 e5 26. Rd1 Qe7 27. h3 Ne6 28. Qe3 Nc5 29. Bd5 a5 30. b3 g6 31. f4 e4 32. Bf2 Na6 33. Qxe4 Qxe4 34. Bxe4 Bxc3 35. Rd7 Nb8 36. Rd3 Bg7 37. c7 Rxc7 38. Rd8+ 1-0

[Event "Ruhrgebiet VK3 1213"]
[Site "Nordrheinwestfalen"]
[Date "2012.10.28"]
[Round "3"]
[White "Meyer, Ralph"]
[Black "Konietzka, Bernd"]
[Result "1/2-1/2"]
[WhiteElo "2047"]
[BlackElo "1920"]
[PlyCount "82"]
[EventDate "2012.09.02"]
[EventType "team-tourn"]
[EventRounds "9"]
[EventCountry "GER"]
[SourceTitle "EXT 2020"]
[Source "ChessBase"]
[SourceDate "2019.10.17"]
[SourceVersion "1"]
[SourceVersionDate "2019.10.17"]
[SourceQuality "1"]
[WhiteTeam "Essen Ueberruhr"]
[BlackTeam "Horst Emscher II"]
[WhiteTeamCountry "GER"]
[BlackTeamCountry "GER"]

1. b3 e5 2. Bb2 Nc6 3. e3 d5 4. Bb5 Bd6 5. f4 Qe7 6. Nf3 Bg4 7. fxe5 Bxe5 8. Bxe5 Bxf3 9. Qxf3 Qxe5 10. Bxc6+ bxc6 11. 0-0 Nf6 12. Nc3 0-0 13. Qf4 Rfe8 14. Qxe5 Rxe5 15. Rf4 Nd7 16. Raf1 f6 17. Ra4 Nb6 18. Ra6 Kf7 19. Rf4 Re6 20. Rb4 Ke7 21. Na4 Nc8 22. Nc5 Rd6 23. Rb7 Kd8 24. c3 f5 25. Kf2 Rh6 26. h3 g5 27. Kf3 Rf6 28. Nd3 Rd6 29. Ne5 Re6 30. Nf7+ Kd7 31. Nxg5 Re7 32. Kf2 Rg7 33. Nf3 Nd6 34. Raxa7 Rc8 35. Rb4 Ne4+ 36. Kf1 Rcg8 37. d3 Rxg2 38. dxe4 fxe4 39. Rbb7 exf3 40. Rxc7+ Kd6 41. Rxh7 R8g3 1/2-1/2

[Event "Ruhrgebiet Verbandsliga1 1112"]
[Site "Nordrheinwestfalen"]
[Date "2011.10.09"]
[Round "2.4"]
[White "Hahn, Matthias"]
[Black "Konietzka, Bernd"]
[Result "1/2-1/2"]
[WhiteElo "2075"]
[BlackElo "1868"]
[PlyCount "39"]
[EventDate "2012.09.18"]
[EventType "team-tourn"]
[EventRounds "9"]
[EventCountry "GER"]
[SourceTitle "EXT 2020"]
[Source "ChessBase"]
[SourceDate "2019.10.17"]
[SourceVersion "1"]
[SourceVersionDate "2019.10.17"]
[SourceQuality "1"]
[WhiteTeam "Bochum-Linden-Dahlhausen"]
[BlackTeam "Horst Emscher II"]
[WhiteTeamCountry "GER"]
[BlackTeamCountry "GER"]

1. d4 Nf6 2. Nf3 g6 3. c4 Bg7 4. g3 0-0 5. Bg2 d6 6. Nc3 c6 7. 0-0 Nbd7 8. e4 e5 9. h3 exd4 10. Nxd4 Qb6 11. Nb3 Ne5 12. c5 dxc5 13. Be3 Nfd7 14. Na4 Qc7 15. Naxc5 Nxc5 16. Bxc5 Rd8 17. Qc2 b6 18. Bd4 Ba6 19. Rfd1 c5 20. f4 1/2-1/2

[Event "Ruhrgebiet VK2 0708"]
[Site "Germany"]
[Date "2008.04.06"]
[Round "8.7"]
[White "Salzmann, Juergen"]
[Black "Konietzka, Bernd"]
[Result "1-0"]
[WhiteElo "2130"]
[BlackElo "2007"]
[PlyCount "179"]
[EventDate "2007.09.16"]
[EventType "team-tourn"]
[EventRounds "9"]
[EventCountry "GER"]
[SourceTitle "EXT 2009"]
[Source "ChessBase"]
[SourceDate "2008.11.26"]
[SourceVersion "1"]
[SourceVersionDate "2008.11.26"]
[SourceQuality "1"]
[WhiteTeam "Mengede SG"]
[BlackTeam "Horst Emscher II"]
[WhiteTeamCountry "GER"]
[BlackTeamCountry "GER"]

1. e4 c5 2. Nf3 e6 3. d4 cxd4 4. Nxd4 a6 5. Bd3 Nc6 6. Nxc6 dxc6 7. 0-0 e5 8. Nd2 Be6 9. Nc4 Qc7 10. a4 b6 11. Qe2 Nf6 12. Kh1 Be7 13. f4 Bxc4 14. Bxc4 a5 15. Bd3 0-0 16. f5 Rfd8 17. g4 h6 18. g5 hxg5 19. Bxg5 Nh7 20. Be3 Rd6 21. Rg1 Qd8 22. Qg4 Bf8 23. Bc4 Rb8 24. Qh5 Qe7 25. Rg3 Nf6 26. Qh4 Nd5 27. f6 Qxf6 28. Bg5 Qe6 29. Rh3 f6 30. Rf1 Kf7 31. Qh5+ Ke7 32. exd5 cxd5 33. Bb5 Rdd8 34. Bc1 d4 35. Qf5 Qd5+ 36. Qf3 Qe6 37. Rg3 Rdc8 38. Qe4 Rc7 39. b3 Rbc8 40. Ba3+ Kf7 41. Bxf8 Kxf8 42. Bd3 Qc6 43. Qxc6 Rxc6 44. Rh3 R8c7 45. Rg1 g5 46. Rf3 Ke7 47. Rgf1 Rc8 48. Be4 Rd6 49. Kg2 Rb8 50. Bd3 Rf8 51. Rh3 Ke6 52. Bc4+ Ke7 53. Rh7+ Kd8 54. Bd3 Rd7 55. Rxd7+ Kxd7 56. Kg3 Ke7 57. Bf5 Rb8 58. Bd3 Rh8 59. h3 Rh4 60. Re1 Ke6 61. Bc4+ Kd6 62. Rf1 Ke7 63. Rd1 f5 64. Rd3 Kd6 65. c3 Kc5 66. cxd4+ Rxd4 67. Rf3 Rf4 68. Rxf4 exf4+ 69. Kf3 Kd4 70. h4 gxh4 71. Kxf4 h3 72. Kg3 f4+ 73. Kxh3 f3 74. Kg3 Ke3 75. Bb5 f2 76. Bc4 Ke4 77. Kxf2 Kf4 78. Ke2 Ke4 79. Kd2 Kd4 80. Kc2 Ke4 81. Kc3 Ke5 82. Kd3 Kd6 83. Kd4 Kc6 84. Bd3 Kd6 85. Bb5 Ke6 86. Be2 Kd6 87. Kc4 Kc7 88. Kb5 Kb7 89. Bf3+ Ka7 90. Be4 1-0

[Event "Ruhrgebiet VK2 0708"]
[Site "Germany"]
[Date "2008.01.20"]
[Round "5.7"]
[White "Konietzka, Bernd"]
[Black "Stamatoukos, Christos"]
[Result "1-0"]
[WhiteElo "2007"]
[BlackElo "1644"]
[PlyCount "75"]
[EventDate "2007.09.16"]
[EventType "team-tourn"]
[EventRounds "9"]
[EventCountry "GER"]
[SourceTitle "EXT 2009"]
[Source "ChessBase"]
[SourceDate "2008.11.26"]
[SourceVersion "1"]
[SourceVersionDate "2008.11.26"]
[SourceQuality "1"]
[WhiteTeam "Horst Emscher II"]
[BlackTeam "Altenessen II"]
[WhiteTeamCountry "GER"]
[BlackTeamCountry "GER"]

1. e4 e5 2. Nf3 Nf6 3. Nxe5 Nxe4 4. Qe2 d5 5. d3 Nf6 6. Nc6+ Kd7 7. Nxd8 Bb4+ 8. c3 Bxc3+ 9. bxc3 Re8 10. Be3 Kxd8 11. Qd2 c5 12. Be2 b6 13. 0-0 Bf5 14. Bg5 Nbd7 15. Bf3 Kc8 16. c4 Ne5 17. Bxf6 Nxf3+ 18. gxf3 gxf6 19. Kh1 d4 20. Na3 Kb7 21. Nb5 Kc6 22. Qf4 Re5 23. Rae1 Rae8 24. Rxe5 Rxe5 25. Rd1 a6 26. Na3 b5 27. Qh6 Bg6 28. Qf8 b4 29. Qc8+ Kb6 30. Nb1 Bxd3 31. Rxd3 Re1+ 32. Kg2 Rxb1 33. Qd8+ Kb7 34. Qd5+ Kb6 35. Qd6+ Kb7 36. Qxc5 Rb2 37. Rxd4 Rxa2 38. Rd7+ 1-0

[Event "Ruhrgebiet VK2 0708"]
[Site "Germany"]
[Date "2007.12.02"]
[Round "4.7"]
[White "Reschke, Juergen"]
[Black "Konietzka, Bernd"]
[Result "1/2-1/2"]
[WhiteElo "1899"]
[BlackElo "1885"]
[PlyCount "85"]
[EventDate "2007.09.16"]
[EventType "team-tourn"]
[EventRounds "9"]
[EventCountry "GER"]
[SourceTitle "EXT 2009"]
[Source "ChessBase"]
[SourceDate "2008.11.26"]
[SourceVersion "1"]
[SourceVersionDate "2008.11.26"]
[SourceQuality "1"]
[WhiteTeam "Dortmund Hansa III"]
[BlackTeam "Horst Emscher II"]
[WhiteTeamCountry "GER"]
[BlackTeamCountry "GER"]

1. e4 c5 2. Nc3 Nc6 3. g3 Nf6 4. Bg2 e6 5. d3 d5 6. exd5 Nxd5 7. Nge2 Be7 8. 0-0 0-0 9. Re1 Nxc3 10. Nxc3 Nd4 11. Ne4 Qc7 12. Bg5 f6 13. Bd2 Bd7 14. c3 Nc6 15. Qb3 Na5 16. Qc2 e5 17. a3 Be6 18. Be3 Rad8 19. b4 cxb4 20. axb4 Nc6 21. Qb1 b6 22. Rc1 h6 23. f4 Qd7 24. Nf2 exf4 25. Bxf4 Ne5 26. d4 Nc4 27. Qd3 b5 28. Re1 Rfe8 29. Qf3 Nb6 30. Nd3 Bd5 31. Qf2 Bd6 32. Nc5 Qc6 33. Bxd6 Rxe1+ 34. Rxe1 Rxd6 35. Bh3 Bf7 36. Qe2 Nd5 37. Qd3 a6 38. Bg2 Qc7 39. Be4 Kf8 40. Bg6 Qc6 41. Bh7 Ne7 42. Qe3 Qc7 43. Bd3 1/2-1/2

[Event "Ruhrgebiet VK2 0708"]
[Site "Germany"]
[Date "2007.10.21"]
[Round "2.6"]
[White "Konietzka, Bernd"]
[Black "Singbeil, Holger"]
[Result "1-0"]
[WhiteElo "2007"]
[BlackElo "1892"]
[PlyCount "38"]
[EventDate "2007.09.16"]
[EventType "team-tourn"]
[EventRounds "9"]
[EventCountry "GER"]
[SourceTitle "EXT 2009"]
[Source "ChessBase"]
[SourceDate "2008.11.26"]
[SourceVersion "1"]
[SourceVersionDate "2008.11.26"]
[SourceQuality "1"]
[WhiteTeam "Horst Emscher II"]
[BlackTeam "Laufer Wanne"]
[WhiteTeamCountry "GER"]
[BlackTeamCountry "GER"]

1. e4 g6 2. d4 Bg7 3. Nf3 d6 4. Nc3 c6 5. Bc4 Nf6 6. h3 b5 7. Bd3 b4 8. Ne2 0-0 9. 0-0 Nbd7 10. Bd2 c5 11. a3 Qb6 12. axb4 cxb4 13. Qe1 a5 14. Bxb4 Bb7 15. Bxa5 Qc6 16. Ng3 Ba6 17. Qe2 h5 18. h4 Rfc8 19. Bc3 Ng4 1-0

[Event "Ruhrgebiet VK1 0304"]
[Site "Ruhrgebiet"]
[Date "2003.10.19"]
[Round "2.7"]
[White "Konietzka, Bernd"]
[Black "Straenger, Petra"]
[Result "0-1"]
[WhiteElo "1805"]
[BlackElo "1855"]
[PlyCount "64"]
[EventDate "2003.09.28"]
[EventType "team-tourn"]
[EventRounds "9"]
[EventCountry "GER"]
[SourceTitle "EXT 2007"]
[Source "ChessBase"]
[SourceDate "2006.11.23"]
[SourceVersion "1"]
[SourceVersionDate "2006.11.23"]
[SourceQuality "1"]
[WhiteTeam "Horst II"]
[BlackTeam "Muelheim Heissen"]
[WhiteTeamCountry "GER"]
[BlackTeamCountry "GER"]

1. Nc3 d5 2. e4 dxe4 3. Nxe4 g6 4. Nf3 Bg7 5. Bc4 Nf6 6. Nxf6+ Bxf6 7. d4 0-0 8. Bh6 Re8 9. Qd3 c5 10. Qb3 e6 11. 0-0-0 cxd4 12. h4 Nc6 13. Bb5 e5 14. Ng5 Be6 15. Qa4 Bd5 16. c4 Bxg2 17. Rhg1 a6 18. Rxg2 axb5 19. Qxb5 Rxa2 20. Qxb7 Bxg5+ 21. Bxg5 Qb8 22. Qxb8 Rxb8 23. f3 Ra1+ 24. Kc2 Rxb2+ 25. Kxb2 Rxd1 26. Rf2 Kg7 27. Kc2 Rh1 28. Kd3 h6 29. Bd2 Rxh4 30. c5 Kf6 31. f4 Ke6 32. fxe5 Nxe5+ 0-1

[Event "Ahrensburg Marathon 3rd"]
[Site "Ahrensburg"]
[Date "2002.09.22"]
[Round "9"]
[White "Konietzka, Bernd"]
[Black "Jochens, Arne"]
[Result "0-1"]
[WhiteElo "1767"]
[BlackElo "2185"]
[PlyCount "60"]
[EventDate "2002.09.??"]
[EventType "tourn"]
[EventRounds "9"]
[EventCountry "GER"]
[SourceTitle "EXT 2006"]
[Source "ChessBase"]
[SourceDate "2005.11.24"]
[SourceVersion "1"]
[SourceVersionDate "2005.11.24"]
[SourceQuality "1"]

1. Nc3 c5 2. f4 Nc6 3. e4 g6 4. d3 Bg7 5. Bd2 d6 6. Nf3 e6 7. Be2 Nge7 8. 0-0 0-0 9. Qe1 Nd4 10. Bd1 Nec6 11. a3 b5 12. Rb1 a5 13. Ne2 Nxe2+ 14. Bxe2 b4 15. c3 Rb8 16. c4 Nd4 17. axb4 axb4 18. Qd1 Bd7 19. Kh1 Ra8 20. g4 f5 21. g5 Ra2 22. Bc1 Ba4 23. Qe1 Bc2 24. Nxd4 Bxd4 25. exf5 exf5 26. Bf3 Re8 27. Bd5+ Kh8 28. Qg3 Bxb1 29. h4 Qe7 30. h5 Qe2 0-1

[Event "Essen Werden 4th"]
[Site "Essen"]
[Date "2002.07.29"]
[Round "7"]
[White "Rohsiepe, Sebastian"]
[Black "Konietzka, Bernd"]
[Result "0-1"]
[WhiteElo "1627"]
[BlackElo "1736"]
[PlyCount "40"]
[EventDate "2002.07.??"]
[EventType "tourn"]
[EventRounds "7"]
[EventCountry "GER"]
[SourceTitle "EXT 2006"]
[Source "ChessBase"]
[SourceDate "2005.11.24"]
[SourceVersion "1"]
[SourceVersionDate "2005.11.24"]
[SourceQuality "1"]

1. e4 c5 2. Nf3 d6 3. d4 cxd4 4. Nxd4 Nf6 5. Nc3 a6 6. Bc4 e6 7. 0-0 Be7 8. Be3 0-0 9. Nf3 Nc6 10. Qe2 b5 11. Bd3 Bb7 12. Rad1 Qc7 13. a3 Nd7 14. Qd2 Nde5 15. Nxe5 Nxe5 16. Qe2 Nxd3 17. Rxd3 Rad8 18. Qg4 Bf6 19. f4 Qc6 20. Bd4 Bxd4+ 0-1

[Event "Essen Werden 4th"]
[Site "Essen"]
[Date "2002.07.28"]
[Round "3"]
[White "Hibbeln, Christian"]
[Black "Konietzka, Bernd"]
[Result "1/2-1/2"]
[WhiteElo "1682"]
[BlackElo "1736"]
[PlyCount "53"]
[EventDate "2002.07.??"]
[EventType "tourn"]
[EventRounds "7"]
[EventCountry "GER"]
[SourceTitle "EXT 2006"]
[Source "ChessBase"]
[SourceDate "2005.11.24"]
[SourceVersion "1"]
[SourceVersionDate "2005.11.24"]
[SourceQuality "1"]

1. d4 e6 2. Nc3 d5 3. Nf3 Nf6 4. Bg5 Be7 5. Bxf6 Bxf6 6. e4 dxe4 7. Nxe4 Nc6 8. Bb5 Bd7 9. Qd3 a6 10. Bxc6 Bxc6 11. Ne5 Bxe4 12. Qxe4 Qd5 13. Qxd5 exd5 14. 0-0 0-0 15. Nd7 Rfe8 16. Nxf6+ gxf6 17. Rfe1 Re6 18. f4 Rae8 19. Kf2 Kg7 20. f5 Re4 21. c3 Kh6 22. h3 Kg5 23. g4 Kf4 24. Rxe4+ Rxe4 25. Rf1 Re3 26. Kg2+ Kg5 27. Rf3 1/2-1/2

[Event "Essen Werden 4th"]
[Site "Essen"]
[Date "2002.07.28"]
[Round "4"]
[White "Konietzka, Bernd"]
[Black "Schuetze, Andre"]
[Result "1/2-1/2"]
[WhiteElo "1736"]
[BlackElo "1963"]
[PlyCount "86"]
[EventDate "2002.07.??"]
[EventType "tourn"]
[EventRounds "7"]
[EventCountry "GER"]
[SourceTitle "EXT 2006"]
[Source "ChessBase"]
[SourceDate "2005.11.24"]
[SourceVersion "1"]
[SourceVersionDate "2005.11.24"]
[SourceQuality "1"]

1. Nc3 c5 2. f4 Nf6 3. Nf3 d5 4. e3 e6 5. Be2 Be7 6. 0-0 0-0 7. d3 Nc6 8. h3 Rb8 9. Kh1 b5 10. Qe1 d4 11. Nd1 dxe3 12. Nxe3 Nd4 13. Ne5 Bb7 14. c3 Nxe2 15. Qxe2 b4 16. Bd2 Nd5 17. Rad1 a5 18. N3g4 Qc7 19. Qf2 Rfd8 20. Qg3 f6 21. Nf3 Bd6 22. Ng1 f5 23. Ne5 Bxe5 24. fxe5 Ne7 25. Bg5 Rd5 26. Rfe1 Ng6 27. Nf3 Rf8 28. d4 Rd7 29. h4 Bxf3 30. Qxf3 cxd4 31. cxd4 h6 32. h5 Nxe5 33. Rxe5 hxg5 34. Qe3 Qc2 35. Rd2 Qc1+ 36. Kh2 f4 37. Qe2 Qc7 38. Kh1 Re8 39. Rxg5 e5 40. Rc2 Qd8 41. Rxe5 Rxe5 42. Qxe5 Qh4+ 43. Kg1 Rxd4 1/2-1/2

[Event "Essen Werden 4th"]
[Site "Essen"]
[Date "2002.07.28"]
[Round "1"]
[White "Konietzka, Bernd"]
[Black "Viciski, Mike"]
[Result "1-0"]
[WhiteElo "1736"]
[BlackElo "1223"]
[PlyCount "49"]
[EventDate "2002.07.??"]
[EventType "tourn"]
[EventRounds "7"]
[EventCountry "GER"]
[SourceTitle "EXT 2006"]
[Source "ChessBase"]
[SourceDate "2005.11.24"]
[SourceVersion "1"]
[SourceVersionDate "2005.11.24"]
[SourceQuality "1"]

1. Nc3 d5 2. e4 e6 3. Nf3 Nf6 4. exd5 Nxd5 5. Ne4 Nc6 6. Bc4 Be7 7. d3 0-0 8. 0-0 Nf6 9. Qe2 Nd4 10. Nxd4 Qxd4 11. c3 Qd8 12. Bf4 b6 13. Nxf6+ Bxf6 14. Qf3 Rb8 15. Qg3 Bh4 16. Qe3 Bb7 17. d4 Qd7 18. Bd3 Rbd8 19. Qh3 Qd5 20. f3 g5 21. Bxc7 Rd7 22. Bg3 f5 23. Be5 g4 24. fxg4 fxg4 25. Qxg4+ 1-0